| 000 | 00874nam a2200253 a 4500 | ||
|---|---|---|---|
| 001 | 25301 | ||
| 003 | CO-ViMGA | ||
| 005 | 20230915232051.0 | ||
| 008 | 141112s2004 ck r 000 u spa d | ||
| 015 | _ack - 1996 - xxxx | ||
| 020 | _a9589597408 | ||
| 035 | _aAFS2877 LA | ||
| 040 |
_aCO-ViMGA _bspa _cCO-ViMGA |
||
| 041 | _aspa | ||
| 043 | _as - ck - - - | ||
| 082 | 0 | 4 | _a331 L67e |
| 100 | 1 |
_aLópez Castaño, Hugo, 1947 - . _9223 |
|
| 245 | 1 | 0 |
_aEnsayos sobre economía laboral colombiana / _cHugo López Castaño. |
| 260 |
_aBogotá : _bFonade, _cCarlos Valencia Editores, _c1996. |
||
| 300 | _a459 p. ; 20 cm. | ||
| 650 | 1 | 4 |
_aEconomía del trabajo - Colombia - Ensayos, conferencias, etc.. _938568 |
| 942 |
_2ddc _cBK |
||
| 999 |
_c32910 _d32910 |
||